000
00357nam a2200157Ia 4500
008
210430s9999 xx 000 0 und d
020
_a
7/14/11
082
_a
621.366 K9611 L
245
_a
Kelin Kuhn
250
_a
497p
260
_a
Prentice Hall International
300
_a
Laser Engineering
650
_a
Uk
856
_u
BK
942
_c
GEN
_2
ddc
999
_c
563477
_d
563477